Movies Quiz

Random Movies or Actress Quiz

Movie by State Quiz Stats

 Plays Quiz Updated Apr 5, 2019

Score 0/50 Timer 10:00
0 Plays Today
State Movie % Correct
WYBrokeback Mountain
68%
ALTo Kill a Mockingbird
59.3%
NYDirty Dancing
57.4%
COThe Shining
52.3%
MNPurple Rain
44.7%
DEFight Club
39.7%
AKInto the Wild
37.3%
METhe Shawshank Redemption
35.7%
ARSling Blade
35.4%
NCBull Durham
33.2%
FLBad Boys
32.6%
CAThe Graduate
29.4%
RIMe, Myself and Irene
24.9%
ORThe Goonies
24.5%
VTWhite Christmas
24.2%
MSIn the Heat of the Night
22.3%
PAWitness
21.6%
GADeliverance
20.6%
MIRoger and Me
19.1%
MDHairspray
18.8%
IAThe Bridges of Madison County
17.3%
WVOctober Sky
15.2%
LAA Streetcar Named Desire
15.1%
HIFrom Here to Eternity
14%
ILThe Untouchables
13%
State Movie % Correct
NVTremors
10.7%
MTA River Runs Through It
9.9%
WADante's Peak
9.9%
MAAlice's Restaurant
9.9%
UTBroken Arrow
8.7%
SCThe Secret Life of Bees
8%
OKSilkwood
7.1%
INBreaking Away
6.9%
TXThe Last Picture Show
6.7%
CTThe Stepford Wives
6.6%
OHAmerican Splendor
6.5%
AZTombstone
6.2%
NJAtlantic City
6.1%
KSSplendor in the Grass
5.7%
SDBadlands
5.4%
MOThe Assassination of Jesse James by the Coward Robert Ford
4.5%
TNNashville
2.9%
VAThe New World
2.8%
KYThe Little Colonel
2%
NEChildren of the Corn
1.6%
IDSmoke Signals
1.4%
NMThe Milagro Beanfield War
1.4%
WIAmerican Movie
1.2%
NHThe Devil and Daniel Webster
0.6%
NDJesus Camp
0.5%

You're not logged in!

Compare scores with friends on all Sporcle quizzes.
OR
Log In

Sporcle TV

Today on Sporcle TV


Watch our educational content, quiz creation guides, and fun videos on Sporcle TV.

Show Comments

Extras

Top Quizzes Today


Score Distribution

Your Account Isn't Verified!

In order to create a playlist on Sporcle, you need to verify the email address you used during registration. Go to your Sporcle Settings to finish the process.

Report this User

Report this user for behavior that violates our Community Guidelines.

Details: